| 000 | 00904nam a2200241Ia 4500 | ||
|---|---|---|---|
| 003 | GCL | ||
| 008 | 140319s9999 xx 000 0 ara d | ||
| 040 |
_aGCL / _cGCL |
||
| 082 | 0 | 4 |
_aد _b050 |
| 100 | 1 | _aاحسان صدقى العمد | |
| 245 | 1 | 0 |
_aتراث الاسلام:الجزء الاول (عالم المعرفة 8 - 233 ) / _cاحسان صدقى العمد |
| 700 | 1 | _aمحمد زهير السمهورى | |
| 700 | 1 | _aبوزرث، كليفورد | |
| 700 | 1 | _aشاخت، جوزيف | |
| 260 |
_aالكويت : _bالمجلس الوطنى للثقافة والفنون والاداب ، _c1998 |
||
| 300 |
_a470ص ؛ _c20 سم |
||
| 490 |
_aعالم المعرفة _v8-233 |
||
| 650 | 0 | 4 | _aالاسلام والحضارة |
| 650 | 0 | 4 | _aالاستشراق والمستشرقون |
| 650 | 0 | 4 | _aالتاريخ الاسلامى |
| 650 | 0 | 4 | _aالفن الاسلامى |
| 942 |
_2ddc _cBK |
||
| 999 |
_c50277 _d50277 |
||